Strachan and Henshaw Ltd v Stein Industrie (UK) Ltd and another (Record no. 56236)

MARC details
000 -LEADER
fixed length control field 01291cab a2200253 4500
001 - CONTROL NUMBER
control field ABS59381
008 - FIXED-LENGTH DATA ELEMENTS--GENERAL INFORMATION
fixed length control field 090401t1998 xxu||||| |||| 00| 0 eng d
035 ## - SYSTEM CONTROL NUMBER
System control number (Sirsi) u88925
041 ## - LANGUAGE CODE
Language code of text/sound track or separate title eng
245 ## - TITLE STATEMENT
Title Strachan and Henshaw Ltd v Stein Industrie (UK) Ltd and another
260 ## - PUBLICATION, DISTRIBUTION, ETC.
Date of publication, distribution, etc. 1998
350 ## - PRICE (NR) (BK AM CF MU VM SE) [OBSOLETE]
Price 0
490 ## - SERIES STATEMENT
Series statement Construction Law Journal
Volume/sequential designation [1998] 14 CLJ 370-379(10)
520 ## - SUMMARY, ETC.
Summary, etc. CA 9 December 1997. Appellants S and G entered into a subcontract with respondent H for construction works, incorporating the MF/1 General Conditions of Contract. S&G had to provide clocking station and cabins for their 150 workmen which they positioned close to the working area. H instructed them to resite these in a compound half a mile away, resulting in increased working time. S&G claimed £1.6m in this respect, raising the issues as to whether the instruction constituted a variation, and whether S&G`s claim was barred by condition 44.4 of MF/1. "Held" no variation occurred, and claim contract barred.
650 ## - SUBJECT ADDED ENTRY--TOPICAL TERM
Topical term or geographic name entry element BREACH OF CONTRACT
650 ## - SUBJECT ADDED ENTRY--TOPICAL TERM
Topical term or geographic name entry element DAMAGES
650 ## - SUBJECT ADDED ENTRY--TOPICAL TERM
Topical term or geographic name entry element MF/1
650 ## - SUBJECT ADDED ENTRY--TOPICAL TERM
Topical term or geographic name entry element STRACHAN AND HENSHAW LTD V STEIN INDUSTRIE (UK) LTD AND ANOTHER
650 ## - SUBJECT ADDED ENTRY--TOPICAL TERM
Topical term or geographic name entry element VARIATIONS
650 ## - SUBJECT ADDED ENTRY--TOPICAL TERM
Topical term or geographic name entry element WALKING TIME
690 ## - LOCAL SUBJECT ADDED ENTRY--TOPICAL TERM (OCLC, RLIN)
Topical term or geographic name as entry element BUILT ENVIRONMENT
942 ## - ADDED ENTRY ELEMENTS (KOHA)
Suppress in OPAC 0
948 ## - LOCAL PROCESSING INFORMATION (OCLC); SERIES PART DESIGNATOR (RLIN)
c (OCLC) 12/10/1998
Holdings
Withdrawn status Lost status Source of classification or shelving scheme Damaged status Not for loan Home library Current library Shelving location Date acquired Total Checkouts Full call number Barcode Date last seen Copy number Price effective from Koha item type
    Dewey Decimal Classification     London London Journal article 14/09/1999   ABS59381 88925-1001 06/08/2019 1 06/08/2019 Law report